"N" Cities in the United States - Statistics

General Stats
  • This quiz has been taken 77 times
  • The average score is 9 of 14
Answer Stats
State Population Answer % Correct
Tennessee 689,447 Nashville
99%
New York 8,804,190 New York
99%
Louisiana 383,997 New Orleans
91%
New Jersey 311,549 Newark
88%
Virginia 238,005 Norfolk
77%
Nevada 262,527 North Las Vegas
74%
Connecticut 134,023 New Haven
68%
Oklahoma 128,026 Norman
65%
Virginia 186,247 Newport News
61%
Illinois 149,540 Naperville
52%
Idaho 100,200 Nampa
42%
South Carolina 114,852 North Charleston
42%
California 102,773 Norwalk
36%
Massachusetts 101,079 New Bedford
30%
No matching quizzes found
Score Distribution
Percent of People with Each Score
Percentile by Number Answered
Your Score History
You have not taken this quiz